[Event "Regionalliga NW 1112"]
[Site "Bayern"]
[Date "2011.10.02"]
[Round "1.7"]
[White "Schwalbe, Gerhard"]
[Black "Scheer, Walter"]
[Result "1/2-1/2"]
[WhiteElo "2006"]
[BlackElo "1784"]
[PlyCount "130"]
[EventDate "2011.10.02"]
[EventType "team-tourn"]
[EventRounds "9"]
[EventCountry "GER"]
[SourceTitle "EXT 2013"]
[Source "ChessBase"]
[SourceDate "2012.11.22"]
[SourceVersion "1"]
[SourceVersionDate "2012.11.22"]
[SourceQuality "1"]
[WhiteTeam "Bamberg"]
[BlackTeam "Mainaschaff"]
[WhiteTeamCountry "GER"]
[BlackTeamCountry "GER"]

1. d4 Nf6 2. g3 e6 3. Bg2 d5 4. b3 Be7 5. Bb2 0-0 6. e3 b6 7. Ne2 Bb7 8. 0-0 c5 9. Nd2 Nc6 10. Nf4 Rc8 11. a3 Qc7 12. Rc1 Rfd8 13. Re1 a6 14. Bh3 Qd6 15. Qe2 Na5 16. Nh5 c4 17. bxc4 Nxc4 18. Nxc4 Rxc4 19. Nxf6+ Bxf6 20. Bf1 Rdc8 21. Qd2 R4c7 22. Bd3 b5 23. Qb4 Qd7 24. Re2 Be7 25. Qa5 Bd8 26. Qe1 Bf6 27. Qf1 g6 28. Qh3 Bg7 29. Qg4 Qe7 30. Qf4 Qf6 31. Qxf6 Bxf6 32. Ra1 Be7 33. f3 Rd8 34. Kf2 Bc6 35. Bc3 Ra8 36. Ba5 Rb7 37. c3 Kf8 38. h4 Ke8 39. h5 Bd8 40. Bb4 Kd7 41. Rh1 Be7 42. hxg6 hxg6 43. Rh7 Bxb4 44. axb4 Kd6 45. e4 Re7 46. Re1 a5 47. bxa5 Rxa5 48. Rb1 dxe4 49. fxe4 Ra2+ 50. Kf1 Rd2 51. e5+ Kd5 52. Bxg6 Ra7 53. Re1 Kc4 54. Bh5 Kxc3 55. Rxf7 Raa2 56. Be2 Kxd4 57. Rf4+ Kc5 58. g4 Ra4 59. Rf6 Bd5 60. g5 Bc4 61. Bxc4 Rxc4 62. g6 Rg4 63. Rxe6 Rf4+ 64. Kg1 Rg4+ 65. Kf1 Rf4+ 1/2-1/2

[Event "Landesliga Nord 1011"]
[Site "Bayern"]
[Date "2010.10.24"]
[Round "2.6"]
[White "Schwalbe, Gerhard"]
[Black "Maurer, Christian"]
[Result "0-1"]
[WhiteElo "2006"]
[BlackElo "2050"]
[PlyCount "92"]
[EventDate "2010.10.10"]
[EventType "team-tourn"]
[EventRounds "9"]
[EventCountry "GER"]
[SourceTitle "EXT 2012"]
[Source "ChessBase"]
[SourceDate "2011.11.24"]
[SourceVersion "1"]
[SourceVersionDate "2011.11.24"]
[SourceQuality "1"]
[WhiteTeam "Bamberg"]
[BlackTeam "Kelheim"]
[WhiteTeamCountry "GER"]
[BlackTeamCountry "GER"]

1. d4 d5 2. Nf3 Nf6 3. c4 c6 4. Nbd2 Bf5 5. Qb3 Qb6 6. c5 Qc7 7. g3 Nbd7 8. Nh4 Bg6 9. Nxg6 hxg6 10. Qc2 e5 11. e3 Ng4 12. h3 Nxe3 13. fxe3 exd4 14. exd4 Qxg3+ 15. Kd1 Be7 16. Qd3 Qf2 17. Nf3 Nf6 18. Rh2 Qg3 19. Bd2 Ng4 20. Be1 Qc7 21. Re2 Nf6 22. Nd2 Nh5 23. Qe3 Kf8 24. Kc2 b6 25. Bf2 bxc5 26. Rae1 Re8 27. dxc5 Kg8 28. Nf3 Kh7 29. Ng5+ Bxg5 30. Qxg5 f6 31. Qh4 Re5 32. Bd4 Rf5 33. Re7 Qh2+ 34. Qf2 Rxf2+ 35. Bxf2 Qxf2+ 36. Kb1 Rb8 37. b3 Qxc5 38. Rd7 Qd4 39. Ba6 c5 40. Rc1 Qe4+ 41. Kb2 c4 42. Rc3 Qe6 43. Rb7 Rxb7 44. Bxb7 cxb3 45. Rxb3 Nf4 46. h4 Qe1 0-1

[Event "Landesliga Nord 0910"]
[Site "Bayern"]
[Date "2010.04.11"]
[Round "9.8"]
[White "Paar, Johannes"]
[Black "Schwalbe, Gerhard"]
[Result "0-1"]
[WhiteElo "1927"]
[BlackElo "2031"]
[PlyCount "94"]
[EventDate "2009.10.18"]
[EventType "team-tourn"]
[EventRounds "9"]
[EventCountry "GER"]
[SourceTitle "EXT 2011"]
[Source "ChessBase"]
[SourceDate "2010.11.26"]
[SourceVersion "1"]
[SourceVersionDate "2010.11.26"]
[SourceQuality "1"]
[WhiteTeam "Schwandorf"]
[BlackTeam "Bamberg"]
[WhiteTeamCountry "GER"]
[BlackTeamCountry "GER"]

1. d4 Nf6 2. c4 e6 3. Nc3 Bb4 4. Bg5 Bxc3+ 5. bxc3 d6 6. e3 Nbd7 7. Bd3 0-0 8. Nf3 Re8 9. Qc2 Nf8 10. Rd1 Qe7 11. e4 e5 12. h3 Ng6 13. 0-0 h6 14. Bc1 Nh5 15. Rfe1 Nhf4 16. Bf1 b6 17. c5 Qf6 18. Re3 bxc5 19. dxc5 dxc5 20. Ba3 Qc6 21. Kh2 Ne6 22. g3 Rb8 23. Rd5 f6 24. Bc4 Kh7 25. Rd1 Ngf8 26. Nd2 Bd7 27. Bd5 Qa4 28. Qc1 Rb5 29. Bb3 Qa5 30. Bc4 Rbb8 31. Bb3 Qa6 32. Bc4 Qc8 33. Nb3 Ba4 34. Rd5 Bc6 35. Rd1 Ng5 36. g4 h5 37. Bd5 Bxd5 38. Rxd5 hxg4 39. Nxc5 gxh3 40. Qd1 Kg8 41. Bc1 Rb1 42. Rg3 Nfe6 43. f3 Nxc5 44. Rxc5 Qe6 45. Qc2 Qb6 46. Rd5 Rxc1 47. Qxc1 Qf2+ 0-1

[Event "Landesliga Nord 0910"]
[Site "Bayern"]
[Date "2010.03.21"]
[Round "8.8"]
[White "Schwalbe, Gerhard"]
[Black "Zschunke, Werner"]
[Result "1-0"]
[WhiteElo "2031"]
[BlackElo "1938"]
[PlyCount "95"]
[EventDate "2009.10.18"]
[EventType "team-tourn"]
[EventRounds "9"]
[EventCountry "GER"]
[SourceTitle "EXT 2011"]
[Source "ChessBase"]
[SourceDate "2010.11.26"]
[SourceVersion "1"]
[SourceVersionDate "2010.11.26"]
[SourceQuality "1"]
[WhiteTeam "Bamberg"]
[BlackTeam "Schweinfurt"]
[WhiteTeamCountry "GER"]
[BlackTeamCountry "GER"]

1. Nf3 d5 2. c4 c6 3. b3 Nf6 4. Bb2 Bg4 5. Ne5 Bh5 6. d3 e6 7. Nd2 Nbd7 8. Qc2 Nxe5 9. Bxe5 Bd6 10. Qb2 Qc7 11. Bg3 0-0 12. Rc1 Qe7 13. Bxd6 Qxd6 14. g3 Nd7 15. Bg2 Qe5 16. Qxe5 Nxe5 17. d4 Nd7 18. e3 Rfe8 19. 0-0 dxc4 20. Nxc4 Be2 21. Rfe1 Bxc4 22. Rxc4 Nb6 23. Rc5 Rad8 24. Rec1 f6 25. Bf3 Kf8 26. a4 Nd5 27. Bxd5 Rxd5 28. b4 a6 29. Kg2 Red8 30. Kf3 Ke7 31. h4 h5 32. Ke4 R8d7 33. f3 g6 34. g4 Rd8 35. gxh5 Rh8 36. hxg6 Rxh4+ 37. Kd3 Kf8 38. e4 Rdh5 39. b5 axb5 40. axb5 Rxc5 41. Rxc5 cxb5 42. Rc7 Rh3 43. Rf7+ Kg8 44. Rxf6 Kg7 45. e5 Rg3 46. Rxe6 Rxf3+ 47. Ke4 Rf1 48. Rb6 1-0

[Event "Landesliga Nord 0910"]
[Site "Bayern"]
[Date "2010.02.07"]
[Round "6.7"]
[White "Graf, Eduard"]
[Black "Schwalbe, Gerhard"]
[Result "1/2-1/2"]
[WhiteElo "1844"]
[BlackElo "2031"]
[PlyCount "133"]
[EventDate "2009.10.18"]
[EventType "team-tourn"]
[EventRounds "9"]
[EventCountry "GER"]
[SourceTitle "EXT 2011"]
[Source "ChessBase"]
[SourceDate "2010.11.26"]
[SourceVersion "1"]
[SourceVersionDate "2010.11.26"]
[SourceQuality "1"]
[WhiteTeam "Koetzting"]
[BlackTeam "Bamberg"]
[WhiteTeamCountry "GER"]
[BlackTeamCountry "GER"]

1. c4 Nf6 2. g3 d6 3. Bg2 c6 4. Nc3 e5 5. d4 Nbd7 6. d5 c5 7. Nf3 Be7 8. 0-0 0-0 9. Ne1 a6 10. f4 Rb8 11. a4 b6 12. f5 Ne8 13. e4 Bg5 14. g4 Nc7 15. Nf3 Bxc1 16. Qxc1 h6 17. g5 hxg5 18. Nxg5 Qf6 19. b3 Rd8 20. Rf3 Nf8 21. Rg3 Bd7 22. Bf1 Nh7 23. Ra2 Nxg5 24. Rxg5 Kf8 25. Rag2 Ne8 26. Nd1 Qh6 27. Qc3 b5 28. axb5 axb5 29. R5g3 bxc4 30. bxc4 Rb1 31. Nf2 Qc1 32. Qxc1 Rxc1 33. Ng4 Ra8 34. Rf2 Raa1 35. Kg2 Re1 36. Re3 Rxe3 37. Nxe3 Nf6 38. Kf3 Ke7 39. h3 Kd8 40. Rg2 Ne8 41. Rb2 Kc7 42. Be2 Ra3 43. Kf2 Ba4 44. Bh5 Nf6 45. Bf3 Bb3 46. Ke2 Ra2 47. Rxa2 Bxa2 48. Kd2 Bb1 49. Nc2 Kb6 50. Kc1 Ba2 51. Ne3 Bb3 52. Kb2 Ba4 53. Ng4 Nxg4 54. hxg4 f6 55. Ka3 Bd7 56. Kb3 Kc7 57. Kc3 Kd8 58. Bd1 Ke7 59. Kd3 Kf8 60. Ke3 Kg8 61. Kf3 Kh7 62. Kg3 Kh6 63. Kh4 g6 64. Bc2 Be8 65. Bd1 Bf7 66. Be2 Be8 67. Bd1 1/2-1/2

[Event "Regionalliga NW 0607"]
[Site "Bayern"]
[Date "2006.11.19"]
[Round "3.4"]
[White "Zoeller, Bernd"]
[Black "Schwalbe, Gerhard"]
[Result "1/2-1/2"]
[WhiteElo "1978"]
[BlackElo "1973"]
[PlyCount "121"]
[EventDate "2006.10.15"]
[EventType "team-tourn"]
[EventRounds "9"]
[EventCountry "GER"]
[SourceTitle "EXT 2008"]
[Source "ChessBase"]
[SourceDate "2007.11.25"]
[SourceVersion "1"]
[SourceVersionDate "2007.11.25"]
[SourceQuality "1"]
[WhiteTeam "Klingenberg"]
[BlackTeam "Bamberg II"]
[WhiteTeamCountry "GER"]
[BlackTeamCountry "GER"]

1. e4 e5 2. Nf3 Nc6 3. Bb5 Nge7 4. d4 exd4 5. Nxd4 g6 6. 0-0 Bg7 7. c3 0-0 8. Bg5 Qe8 9. Na3 a6 10. Ba4 h6 11. Bh4 Kh7 12. f4 b5 13. Bc2 Bb7 14. f5 Be5 15. Bg3 Bxg3 16. hxg3 Ne5 17. Qd2 c5 18. Nf3 N7c6 19. Qd6 Qe7 20. Qxe7 Nxf3+ 21. gxf3 Nxe7 22. f6 Nc8 23. Kf2 Nb6 24. Rh1 Rh8 25. Rad1 Bc6 26. f4 Kg8 27. Rhe1 a5 28. Bd3 c4 29. Bf1 Kh7 30. Nc2 Na4 31. Rb1 Rhe8 32. e5 Rad8 33. Nd4 Rc8 34. Bh3 Red8 35. Bg2 Bxg2 36. Kxg2 Rb8 37. Rh1 h5 38. Rh2 Rh8 39. g4 b4 40. cxb4 Rxb4 41. gxh5 Kg8 42. b3 Rxh5 43. Rxh5 gxh5 44. Kf3 cxb3 45. Nxb3 Nc3 46. Rg1+ Kf8 47. Rc1 Rc4 48. Nxa5 Rxf4+ 49. Kxf4 Ne2+ 50. Kg5 Nxc1 51. a3 Ne2 52. Nc4 Nc3 53. Kxh5 d5 54. exd6 Ne4 55. Kg4 Nxf6+ 56. Kf5 Nd7 57. Ne5 Nb6 58. Nd3 Nc4 59. d7 Ke7 60. Nc5 Nxa3 61. Ke5 1/2-1/2

[Event "Regionalliga NW 0506"]
[Site "Bayern"]
[Date "2006.03.12"]
[Round "8.2"]
[White "Lutz, Peter"]
[Black "Schwalbe, Gerhard"]
[Result "1/2-1/2"]
[WhiteElo "1910"]
[BlackElo "1956"]
[PlyCount "131"]
[EventDate "2005.10.23"]
[EventType "team-tourn"]
[EventRounds "9"]
[EventCountry "GER"]
[SourceTitle "EXT 2007"]
[Source "ChessBase"]
[SourceDate "2006.11.23"]
[SourceVersion "1"]
[SourceVersionDate "2006.11.23"]
[SourceQuality "1"]

1. d4 Nf6 2. c4 e6 3. Nc3 Bb4 4. e3 Bxc3+ 5. bxc3 d6 6. Bd3 0-0 7. e4 e5 8. Ne2 Re8 9. Qc2 Nbd7 10. 0-0 h6 11. a4 a5 12. f4 b6 13. Ng3 Nf8 14. Rd1 Bg4 15. Be2 Bxe2 16. Qxe2 exf4 17. Bxf4 Nxe4 18. Nxe4 f5 19. Nf6+ Qxf6 20. Qf3 Qe6 21. Qd5 Qxd5 22. cxd5 Re4 23. Bg3 Rae8 24. Re1 Rxe1+ 25. Rxe1 Rxe1+ 26. Bxe1 Nd7 27. c4 Kf7 28. Kf2 g5 29. Ke3 Kg6 30. g3 Nf6 31. h3 Nh5 32. Kd3 Nf6 33. c5 Kf7 34. Kc4 Ke7 35. cxb6 cxb6 36. Bd2 Kd7 37. Be1 Kc7 38. Bd2 Nh5 39. h4 f4 40. hxg5 hxg5 41. gxf4 gxf4 42. Kd3 Nf6 43. Bxf4 Nxd5 44. Bd2 Kc6 45. Kc4 Nc7 46. Be1 d5+ 47. Kb3 Ne8 48. Ka3 Nd6 49. Kb3 Nc4 50. Bh4 b5 51. Bd8 Nb6 52. axb5+ Kxb5 53. Be7 Nc4 54. Bf8 Nd2+ 55. Ka3 Kc4 56. Ka4 Nb3 57. Bg7 Nxd4 58. Kxa5 Nf5 59. Bf6 Nd6 60. Kb6 Ne4 61. Bg7 Ng5 62. Kc6 Ne6 63. Bf6 Nd4+ 64. Kd6 Nb5+ 65. Ke6 Nc7+ 66. Kd6 1/2-1/2

[Event "Regionalliga NW 0506"]
[Site "Bayern"]
[Date "2005.11.27"]
[Round "3.1"]
[White "Schwalbe, Gerhard"]
[Black "Strobel, Walter"]
[Result "1/2-1/2"]
[WhiteElo "1957"]
[BlackElo "2148"]
[PlyCount "93"]
[EventDate "2005.10.23"]
[EventType "team-tourn"]
[EventRounds "9"]
[EventCountry "GER"]
[SourceTitle "EXT 2007"]
[Source "ChessBase"]
[SourceDate "2006.11.23"]
[SourceVersion "1"]
[SourceVersionDate "2006.11.23"]
[SourceQuality "1"]

1. d4 d5 2. Nf3 c6 3. e3 Nf6 4. c4 e6 5. Nc3 Nbd7 6. Bd3 dxc4 7. Bxc4 b5 8. Be2 Bb7 9. 0-0 a6 10. b3 c5 11. Bb2 Be7 12. dxc5 Nxc5 13. Qxd8+ Rxd8 14. Rfd1 0-0 15. Rac1 Rfe8 16. b4 Nce4 17. Nxe4 Bxe4 18. a3 Rc8 19. Ne1 Bd5 20. f3 Bb3 21. Rxc8 Rxc8 22. Rc1 Rxc1 23. Bxc1 Nd5 24. Kf2 f6 25. Bd2 Kf7 26. Nd3 Bc4 27. e4 Nb6 28. Nb2 Bxe2 29. Kxe2 Bd6 30. f4 Nd7 31. Nd3 Nb8 32. Be3 Nc6 33. Bb6 g5 34. g3 gxf4 35. gxf4 Ke8 36. Ke3 Kd7 37. Nc5+ Bxc5+ 38. Bxc5 f5 39. Kf3 Nd8 40. Ke3 Nc6 41. Kf3 a5 42. Ke3 a4 43. Kf3 Nd8 44. Bd4 Nf7 45. Be5 Kc6 46. Ke3 Nh6 47. h3 1/2-1/2

[Event "Landesliga Nord 0405"]
[Site "Bayern"]
[Date "2005.04.10"]
[Round "9.2"]
[White "Roeder, Frank"]
[Black "Schwalbe, Gerhard"]
[Result "1/2-1/2"]
[WhiteElo "2260"]
[BlackElo "1983"]
[PlyCount "34"]
[EventDate "2004.10.24"]
[EventType "team-tourn"]
[EventRounds "9"]
[EventCountry "GER"]
[SourceTitle "EXT 2008"]
[Source "ChessBase"]
[SourceDate "2007.11.25"]
[SourceVersion "1"]
[SourceVersionDate "2007.11.25"]
[SourceQuality "1"]
[WhiteTeam "Altensittenbach"]
[BlackTeam "Bamberg SC II"]
[WhiteTeamCountry "GER"]
[BlackTeamCountry "GER"]

1. e4 e5 2. Nc3 Bc5 3. Bc4 Nf6 4. d3 d6 5. Be3 Nbd7 6. Qf3 c6 7. Nge2 b5 8. Bb3 Bxe3 9. fxe3 Nc5 10. h3 b4 11. Na4 Nxb3 12. axb3 0-0 13. 0-0 Rb8 14. g4 Ne8 15. Ng3 g6 16. Rf2 Ng7 17. Raf1 Qh4 1/2-1/2

[Event "Landesliga Nord 0405"]
[Site "Bayern"]
[Date "2004.12.12"]
[Round "4.4"]
[White "Finster, Michael"]
[Black "Schwalbe, Gerhard"]
[Result "1/2-1/2"]
[WhiteElo "2134"]
[BlackElo "1983"]
[PlyCount "21"]
[EventDate "2004.10.24"]
[EventType "team-tourn"]
[EventRounds "9"]
[EventCountry "GER"]
[SourceTitle "EXT 2008"]
[Source "ChessBase"]
[SourceDate "2007.11.25"]
[SourceVersion "1"]
[SourceVersionDate "2007.11.25"]
[SourceQuality "1"]
[WhiteTeam "Nuernberg Sued SW"]
[BlackTeam "Bamberg SC II"]
[WhiteTeamCountry "GER"]
[BlackTeamCountry "GER"]

1. e4 c5 2. Nc3 Nc6 3. g3 g6 4. Bg2 Bg7 5. d3 d6 6. h4 Nf6 7. Bg5 h6 8. Bxf6 Bxf6 9. Qd2 h5 10. f4 e6 11. Nf3 1/2-1/2

[Event "Landesliga Nord 0405"]
[Site "Bayern"]
[Date "2004.11.14"]
[Round "2.3"]
[White "Schwalbe, Gerhard"]
[Black "Rosenberger, Berthold"]
[Result "1/2-1/2"]
[WhiteElo "1983"]
[BlackElo "2162"]
[PlyCount "88"]
[EventDate "2004.10.24"]
[EventType "team-tourn"]
[EventRounds "9"]
[EventCountry "GER"]
[SourceTitle "EXT 2008"]
[Source "ChessBase"]
[SourceDate "2007.11.25"]
[SourceVersion "1"]
[SourceVersionDate "2007.11.25"]
[SourceQuality "1"]
[WhiteTeam "Bamberg SC II"]
[BlackTeam "Dettingen"]
[WhiteTeamCountry "GER"]
[BlackTeamCountry "GER"]

1. c4 c5 2. Nf3 Nc6 3. d4 cxd4 4. Nxd4 g6 5. Nc3 Bg7 6. e3 d6 7. Be2 Nf6 8. 0-0 0-0 9. Qd2 Bg4 10. Bxg4 Nxg4 11. b3 Rc8 12. Bb2 Nf6 13. Rfd1 Re8 14. Nde2 Qa5 15. Ng3 a6 16. Nce4 Nxe4 17. Nxe4 Qxd2 18. Rxd2 Bxb2 19. Rxb2 Nb4 20. Rd1 d5 21. a3 dxe4 22. axb4 Rc6 23. Rd4 f5 24. Kf1 Rb6 25. c5 Rb5 26. Ra2 Rc8 27. Rc4 Kf7 28. Ke2 Ke6 29. Ra4 Rc7 30. g4 Ke5 31. gxf5 gxf5 32. Ra1 Rc6 33. Rg1 Rh6 34. Rg2 a5 35. Rg7 Kf6 36. Rg8 Rxb4 37. Rxb4 axb4 38. Rb8 Ke6 39. Rxb7 Kd5 40. Rxe7 Rxh2 41. Rf7 Rh5 42. Rc7 h6 43. Rc8 Rg5 44. c6 Kd6 1/2-1/2

[Event "Landesliga Nord 0203"]
[Site "Bayern"]
[Date "2002.10.20"]
[Round "1.8"]
[White "Schwalbe, Gerhard"]
[Black "Gocacenko, Alexandr"]
[Result "1-0"]
[WhiteElo "2024"]
[BlackElo "1482"]
[PlyCount "95"]
[EventDate "2002.10.20"]
[EventType "team"]
[EventRounds "9"]
[EventCountry "GER"]
[SourceTitle "EXT 2004"]
[Source "ChessBase"]
[SourceDate "2003.11.25"]
[SourceVersion "1"]
[SourceVersionDate "2003.11.25"]
[SourceQuality "1"]
[WhiteTeam "Bamberg II"]
[BlackTeam "Cham"]
[WhiteTeamCountry "GER"]
[BlackTeamCountry "GER"]

1. e4 e5 2. Nf3 Nc6 3. Bb5 a6 4. Ba4 d6 5. 0-0 Nf6 6. Re1 b5 7. Bb3 Bg4 8. c3 Be7 9. d3 0-0 10. h3 Bh5 11. Nbd2 Rb8 12. Nf1 b4 13. Ng3 Bg6 14. Bc4 a5 15. Qa4 bxc3 16. bxc3 Na7 17. Qxa5 Ra8 18. Qa4 c6 19. Qc2 Qa5 20. Bd2 Rfb8 21. Nh4 Nb5 22. a4 Nc7 23. Nxg6 hxg6 24. d4 Qb6 25. Qa2 Rf8 26. Reb1 Qa7 27. Be3 Qa5 28. Rb7 exd4 29. cxd4 d5 30. Bd2 Qxa4 31. Qxa4 Rxa4 32. Rxa4 dxc4 33. Rxc7 Bd6 34. Rxc6 Bxg3 35. Rxf6 gxf6 36. fxg3 Rc8 37. Bc3 Kf8 38. Kf2 Ke7 39. Ke3 Ke6 40. g4 Ke7 41. d5 Kd6 42. Kd4 f5 43. gxf5 gxf5 44. e5+ Ke7 45. Rxc4 Ra8 46. Bb4+ Ke8 47. d6 Ra4 48. Kd5 1-0

[Event "Pyramiden Franken Cup 5th"]
[Site "Fuerth"]
[Date "2002.09.06"]
[Round "7"]
[White "Schwalbe, Gerhard"]
[Black "Zwanzger, Johannes"]
[Result "1/2-1/2"]
[WhiteElo "2077"]
[BlackElo "2287"]
[PlyCount "58"]
[EventDate "2002.08.31"]
[EventType "swiss"]
[EventRounds "9"]
[EventCountry "GER"]
[SourceTitle "CBM 090 Extra"]
[Source "ChessBase"]
[SourceDate "2002.11.07"]
[SourceVersion "1"]
[SourceVersionDate "2002.11.07"]
[SourceQuality "1"]

1. e4 c5 2. Nf3 e6 3. Nc3 a6 4. a4 Qc7 5. g3 Nc6 6. Bg2 Nf6 7. 0-0 Be7 8. Re1 d6 9. d3 0-0 10. Bf4 Nd7 11. Bg5 Nde5 12. Bxe7 Nxf3+ 13. Bxf3 Qxe7 14. Bg2 Rb8 15. Nd5 Qd8 16. Ne3 b5 17. axb5 axb5 18. Qh5 Qf6 19. c3 Bd7 20. Ng4 Qg6 21. Qxg6 hxg6 22. Ra6 Rfd8 23. f4 Kf8 24. Ne3 Be8 25. Rea1 Ke7 26. Kf2 Rdc8 27. Re1 Ra8 28. Rea1 Rab8 29. Re1 Ra8 1/2-1/2

[Event "Pyramiden Franken Cup 5th"]
[Site "Fuerth"]
[Date "2002.09.05"]
[Round "6"]
[White "Seibold, Hubert"]
[Black "Schwalbe, Gerhard"]
[Result "1/2-1/2"]
[WhiteElo "2299"]
[BlackElo "2077"]
[PlyCount "91"]
[EventDate "2002.08.31"]
[EventType "swiss"]
[EventRounds "9"]
[EventCountry "GER"]
[SourceTitle "CBM 090 Extra"]
[Source "ChessBase"]
[SourceDate "2002.11.07"]
[SourceVersion "1"]
[SourceVersionDate "2002.11.07"]
[SourceQuality "1"]

1. e4 e5 2. Nf3 Nc6 3. Bb5 d6 4. d4 exd4 5. Nxd4 Bd7 6. 0-0 Nf6 7. Re1 Nxd4 8. Bxd7+ Qxd7 9. Qxd4 Be7 10. c4 0-0 11. Nc3 Rfe8 12. Bf4 Qg4 13. Qd2 a6 14. f3 Qe6 15. Nd5 Nxd5 16. cxd5 Qd7 17. Rac1 Rac8 18. Rc4 f5 19. exf5 Qxf5 20. Rce4 Rf8 21. Rxe7 Qxf4 22. Qxf4 Rxf4 23. Rd7 Rf7 24. Ree7 Rxe7 25. Rxe7 c6 26. dxc6 bxc6 27. Rd7 Rb8 28. b3 d5 29. Ra7 Rb6 30. Kf2 c5 31. Ke3 h5 32. Kd3 h4 33. g4 h3 34. Rc7 Rb5 35. Kc3 c4 36. b4 Rb6 37. g5 Kh7 38. a4 Re6 39. b5 axb5 40. axb5 Re3+ 41. Kd4 Rxf3 42. Kxd5 Rb3 43. Rc5 Rb2 44. Kc6 Rxh2 45. Rxc4 Kg6 46. Rc3 1/2-1/2

[Event "Landesliga Nord 0102"]
[Site "Bayern"]
[Date "2002.04.28"]
[Round "9.4"]
[White "Schoenau, Werner"]
[Black "Schwalbe, Gerhard"]
[Result "1-0"]
[WhiteElo "2170"]
[BlackElo "2035"]
[PlyCount "59"]
[EventDate "2001.10.07"]
[EventType "team"]
[EventRounds "9"]
[EventCountry "GER"]
[SourceTitle "EXT 2003"]
[Source "ChessBase"]
[SourceDate "2002.11.25"]
[SourceVersion "1"]
[SourceVersionDate "2002.11.25"]
[SourceQuality "1"]
[WhiteTeam "Dettingen"]
[BlackTeam "Bamberg II"]
[WhiteTeamCountry "GER"]
[BlackTeamCountry "GER"]

1. g3 e5 2. Bg2 d6 3. e4 Nc6 4. Ne2 g6 5. d4 Bg7 6. Be3 Nh6 7. h3 f6 8. Qd2 Nf7 9. f4 Bd7 10. Nbc3 a5 11. a4 0-0 12. g4 exf4 13. Nxf4 Re8 14. 0-0-0 Nb4 15. Bf1 c6 16. Bc4 Re7 17. Rdg1 Qe8 18. h4 d5 19. Bb3 dxe4 20. g5 Kf8 21. gxf6 Bxf6 22. Nxg6+ hxg6 23. Rxg6 Re6 24. Bxe6 Qxe6 25. d5 Qf5 26. Qg2 Ke7 27. Rf1 cxd5 28. Bc5+ Ke6 29. Rxf5 Kxf5 30. Qg4+ 1-0

[Event "Bayern-ch 72nd"]
[Site "Freising"]
[Date "2001.09.08"]
[Round "9"]
[White "Schwalbe, Gerhard"]
[Black "Lochte, Thomas"]
[Result "0-1"]
[WhiteElo "2028"]
[BlackElo "2157"]
[PlyCount "144"]
[EventDate "2001.09.01"]
[EventType "swiss"]
[EventRounds "9"]
[EventCountry "GER"]
[SourceTitle "EXT 2015"]
[Source "ChessBase"]
[SourceDate "2014.11.20"]
[SourceVersion "1"]
[SourceVersionDate "2014.11.20"]
[SourceQuality "1"]

1. d4 Nf6 2. Nf3 c5 3. e3 g6 4. c3 Bg7 5. Nbd2 cxd4 6. exd4 d6 7. Bc4 0-0 8. 0-0 Qc7 9. Re1 Nc6 10. Qe2 e6 11. Nf1 b6 12. h3 d5 13. Bd3 Nh5 14. Ne5 Nxe5 15. dxe5 f5 16. f4 Bb7 17. Be3 Bh6 18. Qd2 Qc6 19. Re2 Rac8 20. a4 a6 21. Rf2 Rfd8 22. Be2 Ng7 23. Qd4 Qc5 24. Qd1 Qc6 25. Bd4 g5 26. fxg5 Bxg5 27. Qb3 Rf8 28. Qxb6 Qxb6 29. Bxb6 f4 30. Bf3 Nf5 31. Bg4 Rc6 32. a5 Kg7 33. Bxf5 Rxf5 34. Bd4 Bh4 35. Rf3 Rc8 36. Bf2 Bd8 37. g3 d4 38. Rxf4 dxc3 39. bxc3 Rxc3 40. Rxf5 exf5 41. Rd1 Bc7 42. Rd7+ Kg6 43. Bd4 Rc2 44. Ne3 Rc1+ 45. Kf2 Bc8 46. Rd5 Be6 47. Rc5 Rxc5 48. Bxc5 Bxe5 49. Nc2 Bc4 50. Bd4 Bd6 51. Ne3 Bd3 52. Nd5 Kf7 53. Bb6 Be4 54. Nc3 Bc6 55. Ne2 Be4 56. Ke3 Ke6 57. Nd4+ Kd5 58. Ne2 Bb4 59. Kf4 Bd2+ 60. Be3 Bxa5 61. h4 Bc7+ 62. Kg5 Be5 63. Bd2 Kc4 64. Nf4 Bc3 65. Bc1 Kb3 66. Kh6 a5 67. Kxh7 a4 68. h5 Bd2 69. Bxd2 a3 70. Be3 Kc3 71. Ne6 f4+ 72. Kg8 fxe3 0-1

[Event "Bayern-ch 72nd"]
[Site "Freising"]
[Date "2001.09.06"]
[Round "7"]
[White "Steiger, Walfried"]
[Black "Schwalbe, Gerhard"]
[Result "0-1"]
[WhiteElo "1945"]
[BlackElo "2028"]
[PlyCount "138"]
[EventDate "2001.09.01"]
[EventType "swiss"]
[EventRounds "9"]
[EventCountry "GER"]
[SourceTitle "EXT 2015"]
[Source "ChessBase"]
[SourceDate "2014.11.20"]
[SourceVersion "1"]
[SourceVersionDate "2014.11.20"]
[SourceQuality "1"]

1. d4 e6 2. c4 f5 3. Nf3 Nf6 4. g3 b6 5. Bg2 Bb7 6. 0-0 Qc8 7. Nc3 Bb4 8. Qb3 a5 9. Bf4 Bxc3 10. Qxc3 0-0 11. Rfd1 d6 12. Ne1 Bxg2 13. Kxg2 Nbd7 14. f3 Qe8 15. Nd3 Qf7 16. a3 a4 17. Kh1 Rfe8 18. Re1 Qh5 19. c5 bxc5 20. dxc5 e5 21. Bd2 Qf7 22. c6 Nb6 23. Nb4 Nfd5 24. Qd3 e4 25. Qd4 e3 26. Bc3 Nxc3 27. bxc3 Ra5 28. Rab1 Rc5 29. Red1 h6 30. Rdc1 Nc4 31. Nd3 Rxc6 32. Rb4 Nb6 33. c4 Kh8 34. Nb2 f4 35. Nd3 fxg3 36. hxg3 Qf6 37. Qb2 Qxb2 38. Nxb2 d5 39. c5 Rd8 40. Kg2 d4 41. Nd3 Nc8 42. Rxa4 Ne7 43. Rcc4 Nd5 44. Rxd4 Rf6 45. Ra7 g5 46. Kf1 c6 47. Rda4 h5 48. Re4 Rdf8 49. Re5 Rf5 50. Rxf5 Rxf5 51. Ra8+ Kg7 52. Rc8 Ne7 53. Rc7 Kf8 54. Kg2 Ke8 55. Ra7 Kd8 56. a4 Rd5 57. g4 h4 58. f4 Rd4 59. Kf3 h3 60. fxg5 Rxd3 61. Ra8+ Nc8 62. g6 Rd7 63. Kg3 Rg7 64. Kxh3 Rxg6 65. Rb8 Rg5 66. Rb3 Re5 67. Kg3 Ne7 68. Kf4 Re6 69. Rxe3 Nd5+ 0-1

[Event "Bayern-ch 72nd"]
[Site "Freising"]
[Date "2001.09.05"]
[Round "6"]
[White "Schwalbe, Gerhard"]
[Black "Wiest, Leonhard"]
[Result "0-1"]
[WhiteElo "2028"]
[BlackElo "2075"]
[PlyCount "110"]
[EventDate "2001.09.01"]
[EventType "swiss"]
[EventRounds "9"]
[EventCountry "GER"]
[SourceTitle "EXT 2015"]
[Source "ChessBase"]
[SourceDate "2014.11.20"]
[SourceVersion "1"]
[SourceVersionDate "2014.11.20"]
[SourceQuality "1"]

1. Nf3 Nf6 2. g3 d5 3. Bg2 c6 4. b3 Bf5 5. Bb2 e6 6. 0-0 Be7 7. d3 0-0 8. Nbd2 h6 9. Re1 Bh7 10. e4 dxe4 11. dxe4 Nbd7 12. Qe2 Qc7 13. a4 Rfd8 14. Qc4 Nb6 15. Qe2 Nbd7 16. Rad1 Ne8 17. Nb1 Nc5 18. Nfd2 Rac8 19. Bc3 Nf6 20. Qc4 a5 21. Qe2 Na6 22. Nc4 b6 23. Rxd8+ Rxd8 24. Bxf6 Bxf6 25. Nxa5 Nb4 26. Nc4 b5 27. axb5 cxb5 28. Nca3 Qc5 29. Nxb5 Nxc2 30. Rc1 Rc8 31. Qd3 Bb2 32. Rd1 f5 33. Qd7 fxe4 34. Nd6 Rf8 35. Qxe6+ Kh8 36. Nf7+ Kg8 37. Nxh6+ Kh8 38. Nf7+ Kg8 39. Ng5+ Kh8 40. Nf7+ Kg8 41. Ne5+ Kh8 42. Rd2 Bxe5 43. Qc4 Qxc4 44. bxc4 e3 45. fxe3 Nxe3 46. Na3 Be4 47. Bh3 Bc3 48. Rd7 Bb4 49. Nb5 Bc5 50. Rc7 Bb6 51. c5 Bxc7 52. Nxc7 Bf5 53. Kf2 Nd1+ 54. Ke1 Bxh3 55. Kxd1 Rc8 0-1